000
00273nam a22001097a 4500
082
_a
519.72 GRA'I
100
_a
GRAYBILL, F.A
_9
77817
245
_a
AN INTRODUCTION TO LINEAR STATISTICAL MODELS
260
_a
NEWYORK
_b
MCGRAW HILL
_c
1961
300
_a
463P VOL-1
942
_c
BK
999
_c
583028
_d
583028